Social philosophy of Bertrand Russell / (Record no. 132296)

MARC details
000 -LEADER
fixed length control field 00662nam a22002297a 4500
005 - DATE AND TIME OF LATEST TRANSACTION
control field 20170124110152.0
010 ## - LIBRARY OF CONGRESS CONTROL NUMBER
LC control number 909702
020 ## - INTERNATIONAL STANDARD BOOK NUMBER
Terms of availability 40.00
035 ## - SYSTEM CONTROL NUMBER
System control number 909702
037 ## - SOURCE OF ACQUISITION
Source of stock number/acquisition Cen Lib/Ret
040 ## - CATALOGING SOURCE
Original cataloging agency DPL
Language of cataloging EN
082 ## - DEWEY DECIMAL CLASSIFICATION NUMBER
Classification number 192
Item number JHA
100 ## - MAIN ENTRY--PERSONAL NAME
Personal name Jha, Anirudha
9 (RLIN) 34248
245 ## - TITLE STATEMENT
Title Social philosophy of Bertrand Russell /
Statement of responsibility, etc by Anirudha Jha
260 ## - PUBLICATION, DISTRIBUTION, ETC. (IMPRINT)
Place of publication, distribution, etc Delhi
Name of publisher, distributor, etc Ajanta publications
Date of publication, distribution, etc 1978
270 ## - ADDRESS
City Delhi
Postal code 110007
300 ## - PHYSICAL DESCRIPTION
Extent vii,164p.
Dimensions 20cm(Hb)
500 ## - GENERAL NOTE
General note Includes bibliographical references and index
650 ## - SUBJECT ADDED ENTRY--TOPICAL TERM
Topical term or geographic name as entry element Philosophy
9 (RLIN) 34249
650 ## - SUBJECT ADDED ENTRY--TOPICAL TERM
Topical term or geographic name as entry element Educational philosophy
9 (RLIN) 34250
942 ## - ADDED ENTRY ELEMENTS (KOHA)
Source of classification or shelving scheme Dewey Decimal Classification
Koha item type English Books
Classification part 192
Call number suffix JHA
Holdings
Withdrawn status Lost status Damaged status Not for loan Home library Current library Date acquired Source of acquisition Cost, normal purchase price Total Checkouts Total Renewals Full call number Barcode Date last seen Date checked out Copy number Cost, replacement price Price effective from Koha item type
        Central Library Central Library 22/07/2015 Cen Lib/Ret 40.00 2 3 192 JHA 909702 24/08/2023 19/07/2023 1 40.00 22/07/2015 English Books

© Delhi Public Library
Hit Counter
free hit counter